| 000 | 00547nam a22001937a 4500 | ||
|---|---|---|---|
| 005 | 20251108164222.0 | ||
| 008 | 250721s1981 xx 000 0 ara d | ||
| 082 | 1 | 4 | _a840.9/بري |
| 100 | 1 | _aبري، جرمين | |
| 245 | 1 | 0 | _aالبيركامو / |
| 250 | _aط2. | ||
| 264 | 1 |
_aبيروت : _bالمؤسسة العربية للدراسات، _c1981. |
|
| 300 | _a303 ص | ||
| 650 | 1 | 7 | _aالأدب الفرنسي |
| 650 | 1 | 7 | _aالنقد الأدبي |
| 700 | 1 | _aجبرا، جبرا إبراهيم | |
| 942 |
_2ddc _cBK |
||
| 999 |
_c6680 _d6680 |
||